Shop Windows (Record no. 16075)

MARC details
000 -LEADER
fixed length control field 00326nam a2200145Ia 4500
008 - FIXED-LENGTH DATA ELEMENTS--GENERAL INFORMATION
fixed length control field 220803s9999 xx 000 0 und d
020 ## - INTERNATIONAL STANDARD BOOK NUMBER
International Standard Book Number 9788496969636
041 ## - LANGUAGE CODE
Language code of text/sound track or separate title eng
082 ## - DEWEY DECIMAL CLASSIFICATION NUMBER
Classification number 725.25 LAM
100 ## - MAIN ENTRY--PERSONAL NAME
Personal name Lam B
9 (RLIN) 25254
245 ## - TITLE STATEMENT
Title Shop Windows
260 ## - PUBLICATION, DISTRIBUTION, ETC. (IMPRINT)
Place of publication, distribution, etc. Spain
Name of publisher, distributor, etc. Links Book
Date of publication, distribution, etc. 2008
300 ## - PHYSICAL DESCRIPTION
Extent 502p
500 ## - GENERAL NOTE
Keywords ARCHI
Holdings
Withdrawn status Lost status Damaged status Not for loan Collection code Home library Current library Date acquired Vendor Cost, normal purchase price Full call number Barcode Date last seen Cost, replacement price Bill Date Koha item type Original Barcode
      Reference Book of B Arch Dr. Bhanuben Nanavati College of Architecture Dr. Bhanuben Nanavati College of Architecture 02/03/2016 Modern Book Distributor 2764.80 729.4 LAM BNCA-BK-9735 03/08/2022 2764.80 28/02/2016 Reference book B09735